Housing market remains strong (Record no. 73752)
[ view plain ]
| 000 -LEADER | |
|---|---|
| fixed length control field | 01058cam a2200205 4500 |
| 001 - CONTROL NUMBER | |
| control field | WB3942-12 |
| 008 - FIXED-LENGTH DATA ELEMENTS--GENERAL INFORMATION | |
| fixed length control field | 031106n2003 000 0 eng u |
| 035 ## - SYSTEM CONTROL NUMBER | |
| System control number | (Sirsi) u124248 |
| 245 ## - TITLE STATEMENT | |
| Title | Housing market remains strong |
| 260 ## - PUBLICATION, DISTRIBUTION, ETC. | |
| Date of publication, distribution, etc. | 2003 |
| 490 ## - SERIES STATEMENT | |
| Series statement | HBOS Press Release |
| Volume/sequential designation | 5 November 2003 (3) |
| 520 ## - SUMMARY, ETC. | |
| Summary, etc. | The "Halifax house price index" for October shows house prices rising by 1.2% with annual house price inflation standing at 16.7% compared to 24.5% at the same time last year. The average house price (seasonally adjusted) is £137 780. The predicted 0.25% increase in bank base rates will have only a modest effect on the housing market. A chronic shortage of new houses continues to contribute to the upward pressure on house prices. http://www.hbosplc.com/view/housepriceindex/nationalcommentary.asp. |
| 590 ## - LOCAL NOTE (RLIN) | |
| Local note | WB |
| 650 ## - SUBJECT ADDED ENTRY--TOPICAL TERM | |
| Topical term or geographic name entry element | HOUSE PRICE INFLATION |
| 650 ## - SUBJECT ADDED ENTRY--TOPICAL TERM | |
| Topical term or geographic name entry element | HALIFAX HOUSE PRICE INDEX |
| 650 ## - SUBJECT ADDED ENTRY--TOPICAL TERM | |
| Topical term or geographic name entry element | HOUSING SUPPLY |
| 650 ## - SUBJECT ADDED ENTRY--TOPICAL TERM | |
| Topical term or geographic name entry element | BORROWING COSTS |
| 690 ## - LOCAL SUBJECT ADDED ENTRY--TOPICAL TERM (OCLC, RLIN) | |
| Topical term or geographic name as entry element | PROPERTY-RESIDENTIAL PROPERTY-RESIDENTIAL PROPERTY MARKET |
| 942 ## - ADDED ENTRY ELEMENTS (KOHA) | |
| Suppress in OPAC | 0 |
| Withdrawn status | Lost status | Source of classification or shelving scheme | Damaged status | Not for loan | Home library | Current library | Shelving location | Date acquired | Total Checkouts | Full call number | Barcode | Date last seen | Copy number | Price effective from | Koha item type |
|---|---|---|---|---|---|---|---|---|---|---|---|---|---|---|---|
| Dewey Decimal Classification | London | London | News article | 06/11/2003 | WB3942-12 | 124248-1001 | 06/08/2019 | 1 | 06/08/2019 | News article |